000 00526nam a2200169 4500
001 140614
003 ES-MaACL
005 20230906200119.0
007 t|
008 070214s1961 sp r ||||1| spa d
100 1 _aSeipolt, Adalbert.
_9105269
245 1 0 _aPor todas partes se va a Roma /
_cAdalbert Seipolt ; [versión española de Alejandro Ros].
260 _aBarcelona :
_bHerder,
_c1961 (
_fGrafesa)
300 _a150 p. :
_bil. ;
_c19 cm.
700 1 _aRos, Alejandro.
_999564
852 _aES-MaACL
_jF-6316
_bR.48515
999 _c140614
_d140614